Word Ladder: Carrie Underwood Quiz Stats

 Plays Quiz Updated Jan 21, 2018

Challenge
Share
Tweet
Embed
Score 0/32 Timer 05:00
124 Plays Today
Hint 4-Letter Word % Correct
⋆ Jesus _____ the Wheel ⋆⋆ TAKE ⋆
96.9%
Large body of (usually fresh) waterLAKE
96.9%
'Saturday Night _____'LIVE
94.1%
Similar toLIKE
93.8%
Once in a blue _____MOON
93.8%
Au, on the periodic tableGOLD
91.6%
Not wealthyPOOR
91.5%
⋆ _____ at Me ⋆⋆ LOOK ⋆
91.5%
Italy's shapeBOOT
91%
To rain heavilyPOUR
90.7%
Hammer or wrench, e.g.TOOL
90.5%
UnkindMEAN
90.2%
The bottom of one's footSOLE
89.9%
Opposite of 'gave'TOOK
89.9%
BilliardsPOOL
89.8%
⋆ _____ Girl ⋆⋆ GOOD ⋆
89.6%
Hint 4-Letter Word % Correct
A pirate's treasureLOOT
88.8%
Exchanged for moneySOLD
87.8%
One's state of mindMOOD
87.3%
To complainMOAN
85.9%
FleshMEAT
83.7%
⋆ Leave _____ Alone ⋆ ⋆ LOVE ⋆
82.2%
An achievementFEAT
79.5%
A dark mark, typically made by inkBLOT
79%
⋆ Inside _____ Heaven ⋆⋆ YOUR ⋆
78.5%
UncoolLAME
77.6%
Togo's capital cityLOMÉ
73.2%
⋆ _____ On the Floor ⋆⋆ FLAT ⋆
73%
⋆ _____ Hearts ⋆⋆ SOME ⋆
72.9%
⋆ Last _____⋆ NAME ⋆
72.4%
To cry like a sheepBLAT
71.1%
Finish line of the Iditarod dog raceNOME
67.4%

Today's Daily Dose

You're not logged in!

Compare scores with friends on all Sporcle quizzes.
OR
Log In

You Might Also Like...

Show Comments

Extras

Top Quizzes Today


Score Distribution

Your Account Isn't Verified!

In order to create a playlist on Sporcle, you need to verify the email address you used during registration. Go to your Sporcle Settings to finish the process.

Report this User

Report this user for behavior that violates our Community Guidelines.

Details: